Etapas de un caminar

Spremljeno u:
Bibliografski detalji
Autor kompanije: Secretariado Diocesano de Catequesis (Autor)
Format: Knjiga
Jezik:španjolski
Izdano: Madrid Paulinas 1977
Izdanje:2a. ed
Serija:Catecumenado de Adultos, 2
Teme:
Oznake: Dodaj oznaku
Bez oznaka, Budi prvi tko označuje ovaj zapis!

MARC

LEADER 00000nam a2200000 a 4500
001 UCL3974
003 CL-VaPUC
008 031219e19770000SP |||||||||||||||||spa|d
020 |a 8428506582 
082 0 4 |a 268.434  |b SEC  |2 21 
110 2 |a Secretariado Diocesano de Catequesis  |e author  |9 481418 
245 1 0 |a Etapas de un caminar 
250 |a 2a. ed 
300 |a 262 p 
942 |c BK 
945 |d 20031219 00:00:00  |a vberengu 
260 |a Madrid  |b Paulinas  |c 1977 
650 0 |a Catequesis  |9 314526 
650 0 |a Educación religiosa   |9 308312 
583 |a last modification  |c 20031219 00:00:00  |k Rodrigo Vera 
490 0 |a Catecumenado de Adultos, 2 
999 |c 306938  |d 306936 
952 |0 0  |1 0  |4 0  |6 268_434000000000000_SEC_1977  |7 0  |8 A  |9 372382  |a BIBTEO  |b BIBTEO  |d 2019-11-21  |i 2098512  |o 268.434 SEC 1977  |p 2098512  |r 2025-01-17  |w 2019-11-21  |y BK  |k ICR